Limnoecology: the ecology of lakes and streams. (2nd ed.) (Record no. 80523)

MARC details
000 -LEADER
fixed length control field 00913nam a2200217 a 4500
008 - FIXED-LENGTH DATA ELEMENTS--GENERAL INFORMATION
fixed length control field 130326s2010 ||||||||||||||||| || u
020 ## - INTERNATIONAL STANDARD BOOK NUMBER
International Standard Book Number 9780199213931
050 ## - LIBRARY OF CONGRESS CALL NUMBER
Classification number QH 96.57 LAM
100 ## - MAIN ENTRY--PERSONAL NAME
Personal name Lampert, Winfried
245 10 - TITLE STATEMENT
Title Limnoecology: the ecology of lakes and streams. (2nd ed.)
Statement of responsibility, etc. by Winfried Lampert [and] Ulrich Sommer
250 ## - EDITION STATEMENT
Edition statement 2nd ed.
260 ## - PUBLICATION, DISTRIBUTION, ETC.
Place of publication, distribution, etc. New York
Name of publisher, distributor, etc. Oxford University Press
Date of publication, distribution, etc. 2010
300 ## - PHYSICAL DESCRIPTION
Extent ix, 324p. : ill
500 ## - GENERAL NOTE
General note it includes the bibliography
650 ## - SUBJECT ADDED ENTRY--TOPICAL TERM
Topical term or geographic name entry element LIMNOLOGY
650 #0 - SUBJECT ADDED ENTRY--TOPICAL TERM
Topical term or geographic name entry element LAKE ECOLOGY
650 ## - SUBJECT ADDED ENTRY--TOPICAL TERM
Topical term or geographic name entry element STREAM ECOLOGY
700 ## - ADDED ENTRY--PERSONAL NAME
Personal name Sommer,Ulrich
995 ## -
-- MAIN LIBRARY OPEN ACCESS
-- 743469
-- CBU-MAIN LIBRARY (Kitwe)
-- QH 96.57 LAM
-- 2
-- AVAILABLE
-- Jun 11, 2013
-- 743469
-- Main Library Open Access Collection
995 ## -
-- MAIN LIBRARY OPEN ACCESS
-- 743468
-- CBU-MAIN LIBRARY (Kitwe)
-- QH 96.57 LAM
-- 1
-- AVAILABLE
-- Jun 11, 2013
-- 743468
-- Main Library Open Access Collection
999 ## -
-- 80523
-- 80523
Holdings
Withdrawn status Lost status Source of classification or shelving scheme Damaged status Not for loan Permanent Location Current Location Shelving location Date acquired Total Checkouts Full call number Barcode Date last seen Copy number Price effective from Koha item type
          CBU-MAIN LIBRARY, KITWE. CBU-MAIN LIBRARY, KITWE.   06/30/2023   QH 96.57 LAM 743469 06/30/2023 1 06/30/2023 MONOGRAPH
          CBU-MAIN LIBRARY, KITWE. CBU-MAIN LIBRARY, KITWE.   06/30/2023   QH 96.57 LAM 743468 06/30/2023 2 06/30/2023 MONOGRAPH